Grégory Gomez del Prado et Stéphane Leman-Langlois, (avec la collaboration de Benoît Gagnon), Police et Policing au Québec. Concepts, acteurs et enjeux. Éditions Yvon Blais, 2020 (notice n° 1855339)

détails MARC
000 -LEADER
fixed length control field 01587cam a2200169 4500500
005 - DATE AND TIME OF LATEST TRANSACTION
control field 20260329010733.0
041 ## - LANGUAGE CODE
Language code of text/sound track or separate title fre
042 ## - AUTHENTICATION CODE
Authentication code dc
100 10 - MAIN ENTRY--PERSONAL NAME
Personal name Beauchesne, Line
Relator term author
245 00 - TITLE STATEMENT
Title Grégory Gomez del Prado et Stéphane Leman-Langlois, (avec la collaboration de Benoît Gagnon), Police et Policing au Québec. Concepts, acteurs et enjeux. Éditions Yvon Blais, 2020
260 ## - PUBLICATION, DISTRIBUTION, ETC.
Date of publication, distribution, etc. 2021.<br/>
500 ## - GENERAL NOTE
General note 59
520 ## - SUMMARY, ETC.
Summary, etc. Cet article dresse le bilan de dix ans de jurisprudence rendue par la Cour européenne des droits de l'homme en matière d'emprisonnement à perpétuité. L'emprisonnement perpétuel a fait l'objet de très nombreuses décisions, lesquelles se doivent d'être analysées pour comprendre les critères retenus par la Haute Cour. L'article dresse finalement les enseignements, constatant un important problème de fond parfois tempéré par une procédure justement appréhendée.
520 ## - SUMMARY, ETC.
Summary, etc. This article summarises ten years of case law of the European Court of Human Rights on life imprisonment. Life imprisonment has been the subject of numerous decisions, which must be analysed in order to understand the criteria adopted by the High Court. The article finally draws up the lessons, noting an important fundamental problem sometimes tempered by a procedure that is rightly understood.
786 0# - DATA SOURCE ENTRY
Note Revue de science criminelle et de droit pénal comparé | 1 | 1 | 2021-07-05 | p. 239c-254c | 0035-1733
856 41 - ELECTRONIC LOCATION AND ACCESS
Uniform Resource Identifier <a href="https://droit.cairn.info/revue-de-science-criminelle-et-de-droit-penal-compare-2021-1-page-239c?lang=fr&redirect-ssocas=7080">https://droit.cairn.info/revue-de-science-criminelle-et-de-droit-penal-compare-2021-1-page-239c?lang=fr&redirect-ssocas=7080</a>

Pas d'exemplaire disponible.

PLUDOC

PLUDOC est la plateforme unique et centralisée de gestion des bibliothèques physiques et numériques de Guinée administré par le CEDUST. Elle est la plus grande base de données de ressources documentaires pour les Étudiants, Enseignants chercheurs et Chercheurs de Guinée.

Adresse

627 919 101/664 919 101

25 boulevard du commerce
Kaloum, Conakry, Guinée

Réseaux sociaux

Powered by Netsen Group @ 2025